[Event "HUN-chT2 Breyer 1819"]
[Site "Hungary"]
[Date "2019.03.31"]
[Round "8.4"]
[White "Matrahalmi, Tibor"]
[Black "Dupsky, Laszlo"]
[Result "1/2-1/2"]
[WhiteElo "2268"]
[BlackElo "2213"]
[PlyCount "81"]
[EventDate "2018.10.28"]
[EventType "team-tourn"]
[EventRounds "9"]
[EventCountry "HUN"]
[SourceTitle "EXT 2021"]
[Source "ChessBase"]
[SourceDate "2020.10.23"]
[SourceVersion "1"]
[SourceVersionDate "2020.10.23"]
[SourceQuality "1"]
[WhiteTeam "Naszaly Geniusz Tata"]
[BlackTeam "Torokbalint"]
[WhiteTeamCountry "HUN"]
[BlackTeamCountry "HUN"]

1. e4 d5 2. exd5 Nf6 3. d4 Nxd5 4. c4 Nb6 5. Nf3 Bg4 6. c5 Bxf3 7. Qxf3 Nd5 8. Bc4 e6 9. 0-0 Be7 10. Nc3 c6 11. Bf4 Nxf4 12. Qxf4 Bg5 13. Qg4 h5 14. Qe4 Nd7 15. f4 Be7 16. f5 Nf6 17. Qe3 Ng4 18. Qe4 e5 19. Rad1 exd4 20. h3 Nf6 21. Qe5 0-0 22. b4 Nh7 23. Rxd4 Bf6 24. Bxf7+ Rxf7 25. Rxd8+ Rxd8 26. Qg3 h4 27. Qf3 Ng5 28. Qh5 Nxh3+ 29. gxh3 Bxc3 30. Qxh4 Rd4 31. Qg3 Bxb4 32. Qb8+ Kh7 33. Qe8 Bxc5 34. Kg2 Rf6 35. Rf3 Rd2+ 36. Kf1 Rd5 37. Qh5+ Kg8 38. Qe8+ Kh7 39. Qh5+ Kg8 40. Qe8+ Kh7 41. Qh5+ 1/2-1/2

[Event "HUN-chT2 Breyer 1819"]
[Site "Hungary"]
[Date "2019.03.10"]
[Round "7.2"]
[White "Dupsky, Laszlo"]
[Black "Kiss, Laszlo1111"]
[Result "1/2-1/2"]
[WhiteElo "2213"]
[BlackElo "2011"]
[PlyCount "38"]
[EventDate "2018.10.28"]
[EventType "team-tourn"]
[EventRounds "9"]
[EventCountry "HUN"]
[SourceTitle "EXT 2021"]
[Source "ChessBase"]
[SourceDate "2020.10.23"]
[SourceVersion "1"]
[SourceVersionDate "2020.10.23"]
[SourceQuality "1"]
[WhiteTeam "Torokbalint"]
[BlackTeam "Esztergom"]
[WhiteTeamCountry "HUN"]
[BlackTeamCountry "HUN"]

1. e4 g6 2. d4 Bg7 3. Nf3 d6 4. Bc4 Nf6 5. Nc3 0-0 6. Bb3 c5 7. dxc5 Qa5 8. cxd6 Nxe4 9. dxe7 Re8 10. 0-0 Nxc3 11. bxc3 Nc6 12. Ng5 Rxe7 13. Qf3 Qf5 14. Qg3 h6 15. Nf3 Be6 16. Nh4 Qc5 17. Be3 Qxc3 18. Rad1 Bxb3 19. cxb3 Rae8 1/2-1/2

[Event "HUN-chT2 Breyer 1718"]
[Site "Hungary"]
[Date "2018.02.18"]
[Round "8.2"]
[White "Horvath, Mario"]
[Black "Dupsky, Laszlo"]
[Result "1-0"]
[WhiteElo "2208"]
[BlackElo "2226"]
[PlyCount "117"]
[EventDate "2017.09.24"]
[EventType "team-tourn"]
[EventRounds "11"]
[EventCountry "HUN"]
[SourceTitle "EXT 2021"]
[Source "ChessBase"]
[SourceDate "2020.10.23"]
[SourceVersion "1"]
[SourceVersionDate "2020.10.23"]
[SourceQuality "1"]
[WhiteTeam "Esztergom"]
[BlackTeam "Torokbalint"]
[WhiteTeamCountry "HUN"]
[BlackTeamCountry "HUN"]

1. c4 e6 2. g3 d5 3. Bg2 Nf6 4. Nf3 c5 5. 0-0 Nc6 6. cxd5 exd5 7. d4 Be7 8. dxc5 Bxc5 9. Nbd2 0-0 10. Nb3 Be7 11. Nfd4 Be6 12. Bf4 Qb6 13. Be3 Qa6 14. Nxe6 fxe6 15. Nc5 Bxc5 16. Bxc5 Rfe8 17. Re1 Qb5 18. Ba3 a5 19. Rc1 Nb4 20. Qb3 Rec8 21. Rxc8+ Rxc8 22. e4 Qc4 23. exd5 Qxb3 24. axb3 exd5 25. Rd1 Rc2 26. Bf3 Kf7 27. Rd4 Rc1+ 28. Kg2 Nc2 29. Bxd5+ Ke8 30. Rd2 b6 31. Bc4 Ne1+ 32. Kh3 g5 33. g4 h5 34. Re2+ Kd7 35. gxh5 Nf3 36. Kg3 Nh4 37. f3 Rg1+ 38. Kf2 Rg2+ 39. Kf1 Rxe2 40. Kxe2 Nxh5 41. Bf8 Nf5 42. Kd3 Nf6 43. Bf7 g4 44. fxg4 Nxg4 45. Ke4 Nd6+ 46. Bxd6 Kxd6 47. h4 Ke7 48. Bc4 Kd6 49. Kf5 Ne3+ 50. Kf6 Ng4+ 51. Kg5 Nf2 52. h5 Ne4+ 53. Kg6 Ke7 54. h6 Nf6 55. Bf1 Nd7 56. Bh3 Ne5+ 57. Kg7 Nf7 58. h7 b5 59. Bf1 1-0

[Event "HUN-chT2 Breyer 1516"]
[Site "Hungary"]
[Date "2016.02.28"]
[Round "8.3"]
[White "Vagyi, Erik"]
[Black "Dupsky, Laszlo"]
[Result "1/2-1/2"]
[WhiteElo "2125"]
[BlackElo "2251"]
[PlyCount "37"]
[EventDate "2015.09.13"]
[EventType "team-tourn"]
[EventRounds "11"]
[EventCountry "HUN"]
[SourceTitle "EXT 2017"]
[Source "ChessBase"]
[SourceDate "2016.10.25"]
[SourceVersion "1"]
[SourceVersionDate "2016.10.25"]
[SourceQuality "1"]
[WhiteTeam "Sarkany DSE"]
[BlackTeam "TTC Sakk"]
[WhiteTeamCountry "HUN"]
[BlackTeamCountry "HUN"]

1. Nf3 d5 2. g3 c5 3. Bg2 Nc6 4. d4 Nf6 5. 0-0 e6 6. c4 Be7 7. Nc3 0-0 8. cxd5 exd5 9. dxc5 Bxc5 10. Bg5 d4 11. Ne4 Be7 12. Nxf6+ Bxf6 13. Bxf6 Qxf6 14. Qa4 Bg4 15. Rfd1 Rad8 16. Rd2 Bxf3 17. Bxf3 Ne5 18. Rad1 d3 19. Bxb7 1/2-1/2

[Event "HUN-chT2 Breyer 1516"]
[Site "Hungary"]
[Date "2015.12.06"]
[Round "6.3"]
[White "Koncz, Imre"]
[Black "Dupsky, Laszlo"]
[Result "0-1"]
[WhiteElo "2136"]
[BlackElo "2250"]
[PlyCount "72"]
[EventDate "2015.09.13"]
[EventType "team-tourn"]
[EventRounds "11"]
[EventCountry "HUN"]
[SourceTitle "CBM 170 Extra"]
[Source "ChessBase"]
[SourceDate "2016.02.25"]
[SourceVersion "1"]
[SourceVersionDate "2016.02.25"]
[SourceQuality "1"]
[WhiteTeam "Szazhalombatta"]
[BlackTeam "TTC Sakk"]
[WhiteTeamCountry "HUN"]
[BlackTeamCountry "HUN"]

1. d4 d5 2. c4 e6 3. Nc3 c5 4. cxd5 exd5 5. Nf3 Nc6 6. g3 Nf6 7. Bg2 Be7 8. 0-0 0-0 9. Bg5 c4 10. Ne5 Be6 11. b3 Qa5 12. Qd2 Bb4 13. Nxc6 bxc6 14. Bxf6 gxf6 15. Rfc1 Rac8 16. bxc4 dxc4 17. a3 Be7 18. Ne4 Qf5 19. Qe3 c5 20. Nxc5 Bxc5 21. dxc5 Qxc5 22. Qxc5 Rxc5 23. Rc3 Rb8 24. Rac1 Rcb5 25. Kf1 Rb2 26. Ke1 R8b3 27. Bc6 Ra2 28. Ba4 Raxa3 29. Bxb3 cxb3 30. Rb1 a5 31. e4 a4 32. Rb2 Ra1+ 33. Ke2 Rh1 34. h4 a3 35. Rbxb3 Bxb3 36. Rxb3 a2 0-1

[Event "HUN-chT2 Breyer 1516"]
[Site "Hungary"]
[Date "2015.11.29"]
[Round "5.3"]
[White "Dupsky, Laszlo"]
[Black "Urhegyi, Marton"]
[Result "1/2-1/2"]
[WhiteElo "2251"]
[BlackElo "2168"]
[PlyCount "109"]
[EventDate "2015.09.13"]
[EventType "team-tourn"]
[EventRounds "11"]
[EventCountry "HUN"]
[SourceTitle "CBM 170 Extra"]
[Source "ChessBase"]
[SourceDate "2016.02.25"]
[SourceVersion "1"]
[SourceVersionDate "2016.02.25"]
[SourceQuality "1"]
[WhiteTeam "TTC Sakk"]
[BlackTeam "Kobanya Aquarena"]
[WhiteTeamCountry "HUN"]
[BlackTeamCountry "HUN"]

1. d4 d5 2. Nf3 Nf6 3. Bf4 c5 4. c3 Nc6 5. e3 Qb6 6. Qc2 g6 7. Nbd2 Bg7 8. dxc5 Qxc5 9. Nb3 Qb6 10. Bd3 0-0 11. h3 Re8 12. e4 dxe4 13. Bxe4 Nxe4 14. Qxe4 Qb5 15. Qe2 Qa4 16. Be5 Nxe5 17. Nxe5 b6 18. Qc4 Qxc4 19. Nxc4 Ba6 20. Ne3 Rad8 21. Rd1 Rxd1+ 22. Kxd1 Rd8+ 23. Kc1 Bb7 24. Rd1 Rxd1+ 25. Kxd1 f5 26. g3 Kf7 27. a4 Bc6 28. a5 Ba4 29. Kc2 bxa5 30. Nc4 f4 31. g4 Kf6 32. h4 f3 33. Ncxa5 Ke5 34. Kd3 Bxb3 35. Nxb3 Kf4 36. g5 Be5 37. Nc5 Kg4 38. Ke4 Bg3 39. Nd3 Bxh4 40. Ne5+ Kh3 41. Kxf3 Bxg5 42. c4 Bd2 43. c5 g5 44. Nc6 Bc1 45. Nxa7 Bxb2 46. Ke4 Bc3 47. Nc6 h5 48. Nxe7 h4 49. Nd5 Ba5 50. Ne3 g4 51. c6 g3 52. fxg3 hxg3 53. Kf3 Bb6 54. Ng2 Bc7 55. Ne3 1/2-1/2

[Event "HUN-chT2 Breyer 1516"]
[Site "Hungary"]
[Date "2015.10.18"]
[Round "3.2"]
[White "Kiss, Laszlo"]
[Black "Dupsky, Laszlo"]
[Result "1/2-1/2"]
[WhiteElo "2064"]
[BlackElo "2247"]
[PlyCount "49"]
[EventDate "2015.09.13"]
[EventType "team-tourn"]
[EventRounds "11"]
[EventCountry "HUN"]
[SourceTitle "CBM 170 Extra"]
[Source "ChessBase"]
[SourceDate "2016.02.25"]
[SourceVersion "1"]
[SourceVersionDate "2016.02.25"]
[SourceQuality "1"]
[WhiteTeam "Nyergesujfalu"]
[BlackTeam "TTC Sakk"]
[WhiteTeamCountry "HUN"]
[BlackTeamCountry "HUN"]

1. d4 d5 2. Nf3 c5 3. e3 Nc6 4. c4 e6 5. Nc3 Nf6 6. Be2 a6 7. a4 Be7 8. 0-0 0-0 9. b3 Qb6 10. Ba3 Rd8 11. Bxc5 Bxc5 12. dxc5 Qxc5 13. Qc2 e5 14. cxd5 Nxd5 15. Rac1 Nxc3 16. Qxc3 Qxc3 17. Rxc3 Be6 18. Ng5 Bd5 19. Bc4 Nb4 20. Bxd5 Nxd5 21. Rc4 Rac8 22. Rfc1 Rxc4 23. Rxc4 h6 24. Nf3 f6 25. Kf1 1/2-1/2

[Event "HUN-chT2 Breyer 1415"]
[Site "Hungary"]
[Date "2015.03.01"]
[Round "9.3"]
[White "Dupsky, Laszlo"]
[Black "Palla, Akos Botond"]
[Result "1/2-1/2"]
[WhiteElo "2254"]
[BlackElo "2053"]
[PlyCount "63"]
[EventDate "2014.09.07"]
[EventType "team-tourn"]
[EventRounds "11"]
[EventCountry "HUN"]
[SourceTitle "EXT 2016"]
[Source "ChessBase"]
[SourceDate "2015.10.08"]
[SourceVersion "1"]
[SourceVersionDate "2015.10.08"]
[SourceQuality "1"]
[WhiteTeam "Torokbalint"]
[BlackTeam "Sarkany DSE"]
[WhiteTeamCountry "HUN"]
[BlackTeamCountry "HUN"]

1. d4 d5 2. Nf3 Nf6 3. Bf4 c5 4. c3 e6 5. e3 Nc6 6. Nbd2 Be7 7. Bd3 0-0 8. Ne5 Nd7 9. Qh5 f5 10. g4 Nf6 11. Qh3 Nxe5 12. dxe5 Nxg4 13. Be2 Bg5 14. Bxg4 fxg4 15. Qxg4 Bxf4 16. exf4 Rf7 17. 0-0-0 Qf8 18. Rhg1 Rxf4 19. Qg5 b5 20. Rg3 b4 21. Rdg1 g6 22. h4 Bd7 23. h5 Be8 24. hxg6 Bxg6 25. Qh5 Kf7 26. Rxg6 hxg6 27. Rxg6 Ke7 28. Qh7+ Rf7 29. Qh3 Rf5 30. Qh7+ Rf7 31. Qh3 Rf5 32. Qh7+ 1/2-1/2

[Event "HUN-chT2 Breyer 1415"]
[Site "Hungary"]
[Date "2014.10.12"]
[Round "?"]
[White "Dupsky, Laszlo"]
[Black "Juhasz, Mark"]
[Result "1-0"]
[WhiteElo "2254"]
[BlackElo "2194"]
[PlyCount "35"]
[EventDate "2014.09.07"]
[EventType "team-tourn"]
[EventRounds "11"]
[EventCountry "HUN"]
[SourceTitle "EXT 2016"]
[Source "ChessBase"]
[SourceDate "2015.10.08"]
[SourceVersion "1"]
[SourceVersionDate "2015.10.08"]
[SourceQuality "1"]
[WhiteTeam "Torokbalint"]
[BlackTeam "Zsambek"]
[WhiteTeamCountry "HUN"]
[BlackTeamCountry "HUN"]

1. d4 Nf6 2. Nf3 c5 3. c3 cxd4 4. cxd4 d5 5. g3 Nc6 6. Bg2 Bf5 7. Qb3 Qb6 8. Qxb6 axb6 9. Na3 e6 10. 0-0 Bxa3 11. bxa3 Ra4 12. Bb2 h6 13. Rfc1 Ne4 14. Ne5 Ne7 15. Bxe4 Bxe4 16. Rc7 Ra7 17. Rac1 f6 18. Nd7 1-0

[Event "HUN-chT2 Breyer 1314"]
[Site "Hungary"]
[Date "2013.11.03"]
[Round "4"]
[White "Meixner, Ferenc"]
[Black "Dupsky, Laszlo"]
[Result "0-1"]
[WhiteElo "2094"]
[BlackElo "2279"]
[PlyCount "59"]
[EventDate "2013.09.08"]
[EventType "team-tourn"]
[EventRounds "9"]
[EventCountry "HUN"]
[SourceTitle "EXT 2016"]
[Source "ChessBase"]
[SourceDate "2015.10.08"]
[SourceVersion "1"]
[SourceVersionDate "2015.10.08"]
[SourceQuality "1"]
[WhiteTeam "Tatabanya Turul"]
[BlackTeam "Torokbalint"]
[WhiteTeamCountry "HUN"]
[BlackTeamCountry "HUN"]

1. e4 d5 2. exd5 Nf6 3. Bb5+ Bd7 4. Bc4 b5 5. Bb3 a5 6. a3 Bg4 7. f3 Bc8 8. Qe2 Ba6 9. Nc3 Qd7 10. d3 g6 11. Ne4 Bg7 12. Nxf6+ Bxf6 13. c3 0-0 14. Nh3 Bb7 15. Bf4 Na6 16. d4 Bxd5 17. Bxd5 Qxd5 18. 0-0 Rab8 19. a4 Rb6 20. axb5 Qxb5 21. Qxb5 Rxb5 22. b4 Nxb4 23. Rab1 c6 24. cxb4 Bxd4+ 25. Nf2 axb4 26. Rfe1 Ra8 27. Rxe7 b3 28. Be3 Bf6 29. Rc7 b2 30. Ne4 0-1

[Event "HUN-chT2 Breyer 1213"]
[Site "Hungary"]
[Date "2012.09.16"]
[Round "1.3"]
[White "Dupsky, Laszlo"]
[Black "Ikanov, Imre"]
[Result "1-0"]
[WhiteElo "2279"]
[BlackElo "2028"]
[PlyCount "75"]
[EventDate "2012.09.16"]
[EventType "team-tourn"]
[EventRounds "11"]
[EventCountry "HUN"]
[SourceTitle "EXT 2014"]
[Source "ChessBase"]
[SourceDate "2013.11.20"]
[SourceVersion "1"]
[SourceVersionDate "2013.11.20"]
[SourceQuality "1"]
[WhiteTeam "Torokbalint"]
[BlackTeam "Zoltek"]
[WhiteTeamCountry "HUN"]
[BlackTeamCountry "HUN"]

1. d4 e6 2. Nf3 f5 3. d5 Be7 4. dxe6 dxe6 5. Qxd8+ Bxd8 6. Nc3 Nf6 7. e4 0-0 8. exf5 exf5 9. Bc4+ Kh8 10. 0-0 h6 11. Re1 c6 12. Bf4 b5 13. Bd6 Re8 14. Bf7 Rxe1+ 15. Rxe1 Nbd7 16. Nd4 b4 17. Na4 Ne4 18. Bxb4 Ne5 19. Bb3 Bf6 20. f3 Ng5 21. Bc3 f4 22. h4 Nh7 23. Nxc6 Nd7 24. Re8+ Nhf8 25. Bxf6 gxf6 26. Nxa7 Rxa7 27. Rxc8 Kg7 28. Nc5 Nxc5 29. Rxc5 Ng6 30. h5 Ne5 31. a4 Rd7 32. Bd5 f5 33. a5 Kf6 34. a6 Kg5 35. Be6 Rd1+ 36. Kh2 Kf6 37. Bc8 Rd2 38. Rxe5 1-0

[Event "HUN-chT2 Breyer 1112"]
[Site "Hungary"]
[Date "2012.04.22"]
[Round "9.3"]
[White "Furesz, Jozsef"]
[Black "Dupsky, Laszlo"]
[Result "0-1"]
[WhiteElo "2038"]
[BlackElo "2280"]
[PlyCount "94"]
[EventDate "2011.09.25"]
[EventType "team-tourn"]
[EventRounds "11"]
[EventCountry "HUN"]
[SourceTitle "EXT 2013"]
[Source "ChessBase"]
[SourceDate "2012.11.22"]
[SourceVersion "1"]
[SourceVersionDate "2012.11.22"]
[SourceQuality "1"]
[WhiteTeam "Turul"]
[BlackTeam "Torokbalint"]
[WhiteTeamCountry "HUN"]
[BlackTeamCountry "HUN"]

1. d4 d5 2. c4 e6 3. Nc3 c5 4. cxd5 exd5 5. Nf3 Nc6 6. g3 Nf6 7. Bg2 Be7 8. 0-0 0-0 9. b3 Ne4 10. Bb2 Bf6 11. e3 Re8 12. Rc1 b6 13. Na4 Ba6 14. Re1 Nb4 15. Bf1 Bxf1 16. Rxf1 Nxa2 17. Rb1 Nb4 18. dxc5 bxc5 19. Nd2 Bxb2 20. Rxb2 Qa5 21. Nxe4 dxe4 22. Qd6 Nd3 23. Rc2 Rad8 24. Qc6 Rc8 25. Qd7 Red8 26. Qe7 Qb4 27. Rc4 Qxb3 28. Qxe4 Re8 29. Rc3 Rxe4 30. Rxb3 Rxa4 31. Rxd3 c4 32. Rc3 a5 33. Rd1 Kf8 34. Kf1 Rb4 35. Ke1 Ke7 36. Rd4 a4 37. f4 f5 38. e4 Ra8 39. Rcxc4 Rxc4 40. Rxc4 a3 41. Rc1 a2 42. Ra1 fxe4 43. Ke2 Ke6 44. Ke3 Kd5 45. g4 Ra3+ 46. Kf2 Kd4 47. f5 Kc3 0-1

[Event "HUN-chT2 Breyer 1112"]
[Site "Hungary"]
[Date "2011.11.13"]
[Round "3.3"]
[White "Meixner, Ferenc"]
[Black "Dupsky, Laszlo"]
[Result "0-1"]
[WhiteElo "2072"]
[BlackElo "2280"]
[PlyCount "50"]
[EventDate "2011.09.25"]
[EventType "team-tourn"]
[EventRounds "11"]
[EventCountry "HUN"]
[SourceTitle "EXT 2013"]
[Source "ChessBase"]
[SourceDate "2012.11.22"]
[SourceVersion "1"]
[SourceVersionDate "2012.11.22"]
[SourceQuality "1"]
[WhiteTeam "Zoltek"]
[BlackTeam "Torokbalint"]
[WhiteTeamCountry "HUN"]
[BlackTeamCountry "HUN"]

1. d4 d5 2. Nf3 c5 3. c3 Nc6 4. Bf4 Nf6 5. e3 Qb6 6. Qc2 cxd4 7. exd4 Bf5 8. Qb3 Qxb3 9. axb3 g6 10. Ne5 Nh5 11. Be3 Nxe5 12. dxe5 Bg7 13. Bb5+ Kf8 14. Nd2 Bxe5 15. Rxa7 Kg7 16. 0-0 Rxa7 17. Bxa7 Ra8 18. Ra1 d4 19. Nf3 dxc3 20. bxc3 Bf6 21. Nd4 Nf4 22. Bc4 Be4 23. g3 Nd5 24. f3 Nxc3 25. fxe4 Rxa7 0-1

[Event "HUN-chT2 Breyer 1112"]
[Site "Hungary"]
[Date "2011.09.25"]
[Round "1.2"]
[White "Horvath, Csaba3333"]
[Black "Dupsky, Laszlo"]
[Result "1-0"]
[WhiteElo "2202"]
[BlackElo "2280"]
[PlyCount "109"]
[EventDate "2011.09.25"]
[EventType "team-tourn"]
[EventRounds "11"]
[EventCountry "HUN"]
[SourceTitle "EXT 2013"]
[Source "ChessBase"]
[SourceDate "2012.11.22"]
[SourceVersion "1"]
[SourceVersionDate "2012.11.22"]
[SourceQuality "1"]
[WhiteTeam "Geniusz Tata"]
[BlackTeam "Torokbalint"]
[WhiteTeamCountry "HUN"]
[BlackTeamCountry "HUN"]

1. e4 d5 2. exd5 Nf6 3. d4 Nxd5 4. c4 Nb6 5. Nc3 e5 6. d5 Bb4 7. Qb3 Bxc3+ 8. Qxc3 0-0 9. Be3 c6 10. dxc6 Nxc6 11. Nf3 Qe7 12. b3 f5 13. c5 Nd5 14. Bc4 Be6 15. Bxd5 Bxd5 16. 0-0-0 Bf7 17. Bg5 Qc7 18. Rd6 Rfc8 19. Rhd1 Nd4 20. Kb2 Nb5 21. Qd2 Qxc5 22. Rd7 Qa3+ 23. Ka1 Be6 24. Rxg7+ Kxg7 25. Bh6+ Kf7 26. Ng5+ Ke7 27. Nxe6 Nd6 28. Ng7 Rc6 29. Qd5 Qc5 30. Qe6+ Kd8 31. Bg5+ Kc7 32. Qe7+ Kb8 33. Qd8+ Nc8 34. Ne8 a5 35. Nf6 Qc3+ 36. Kb1 Ka7 37. Rc1 Qb4 38. Rxc6 bxc6 39. Qc7+ Ka6 40. Qxc6+ Nb6 41. Be3 Rd8 42. Bxb6 Rd1+ 43. Kb2 Qxb6 44. Qa8+ Kb5 45. Qe8+ Qc6 46. Qxe5+ Kb6 47. Qe3+ Kb7 48. Nxh7 Rd8 49. a4 Rh8 50. Ng5 Qf6+ 51. Ka2 Rxh2 52. Ne6 Rh1 53. Qf3+ Kc8 54. Qc6+ Kb8 55. Qb6+ 1-0

[Event "HUN-chT2 Breyer 1011"]
[Site "Hungary"]
[Date "2011.04.17"]
[Round "9.6"]
[White "Dupsky, Laszlo"]
[Black "Furesz, Jozsef"]
[Result "1-0"]
[WhiteElo "2247"]
[BlackElo "2002"]
[PlyCount "107"]
[EventDate "2010.09.12"]
[EventType "team-tourn"]
[EventRounds "11"]
[EventCountry "HUN"]
[SourceTitle "EXT 2012"]
[Source "ChessBase"]
[SourceDate "2011.11.24"]
[SourceVersion "1"]
[SourceVersionDate "2011.11.24"]
[SourceQuality "1"]
[WhiteTeam "Torokbalint"]
[BlackTeam "Turul"]
[WhiteTeamCountry "HUN"]
[BlackTeamCountry "HUN"]

1. d4 g6 2. e4 Bg7 3. Nf3 d6 4. Nc3 Bg4 5. Be3 Nc6 6. Bb5 a6 7. Ba4 Bd7 8. Qd2 b5 9. Bb3 Na5 10. 0-0 e6 11. e5 Nc4 12. Bxc4 bxc4 13. Bg5 Qb8 14. Ne4 Bc6 15. Nf6+ Bxf6 16. Bxf6 Nxf6 17. exf6 Bxf3 18. gxf3 h5 19. Rab1 h4 20. d5 e5 21. Qe2 Qb5 22. Qe4 Rh5 23. f4 h3 24. Rfe1 Kf8 25. b3 c3 26. Rbd1 Qd7 27. fxe5 Rxe5 28. Qf4 Kg8 29. Re3 Rae8 30. Rde1 Qf5 31. Qxf5 gxf5 32. Rg3+ Kh7 33. Rxh3+ Kg6 34. Rxe5 Rxe5 35. Rxc3 Kxf6 36. Rxc7 f4 37. Kg2 Rxd5 38. Kf3 Ke6 39. h4 f6 40. Kxf4 a5 41. Kg3 Kf5 42. a3 Rd4 43. f3 Rd1 44. Ra7 Rd5 45. c4 Rc5 46. a4 d5 47. cxd5 Rxd5 48. Rb7 Rd3 49. Rb5+ Kg6 50. Kg4 Kh6 51. f4 Kg6 52. h5+ Kh6 53. Kf5 Kxh5 54. Ke4+ 1-0

[Event "HUN-chT2 Breyer 1011"]
[Site "Hungary"]
[Date "2011.04.10"]
[Round "8.6"]
[White "Szabo, Lajos"]
[Black "Dupsky, Laszlo"]
[Result "0-1"]
[WhiteElo "2033"]
[BlackElo "2247"]
[PlyCount "54"]
[EventDate "2010.09.12"]
[EventType "team-tourn"]
[EventRounds "11"]
[EventCountry "HUN"]
[SourceTitle "EXT 2012"]
[Source "ChessBase"]
[SourceDate "2011.11.24"]
[SourceVersion "1"]
[SourceVersionDate "2011.11.24"]
[SourceQuality "1"]
[WhiteTeam "Zoltek"]
[BlackTeam "Torokbalint"]
[WhiteTeamCountry "HUN"]
[BlackTeamCountry "HUN"]

1. c4 e6 2. Nc3 d5 3. e3 c5 4. d4 Nf6 5. Nf3 Nc6 6. cxd5 exd5 7. dxc5 Bxc5 8. Be2 0-0 9. 0-0 a6 10. b3 Qd6 11. Bb2 Re8 12. Qd2 Bg4 13. Rfd1 Rad8 14. Rac1 Ba7 15. Nd4 Nxd4 16. exd4 Bb8 17. g3 Bxe2 18. Nxe2 Ne4 19. Qd3 h5 20. Nc3 Qg6 21. Nxe4 dxe4 22. Qe2 h4 23. Rc5 e3 24. fxe3 hxg3 25. hxg3 Qxg3+ 26. Qg2 Qxe3+ 27. Kf1 Rd6 0-1

[Event "HUN-chT2 Breyer 1011"]
[Site "Hungary"]
[Date "2010.10.24"]
[Round "4.4"]
[White "Finszter, Mate"]
[Black "Dupsky, Laszlo"]
[Result "1-0"]
[WhiteElo "2084"]
[BlackElo "2247"]
[PlyCount "63"]
[EventDate "2010.09.12"]
[EventType "team-tourn"]
[EventRounds "11"]
[EventCountry "HUN"]
[SourceTitle "EXT 2012"]
[Source "ChessBase"]
[SourceDate "2011.11.24"]
[SourceVersion "1"]
[SourceVersionDate "2011.11.24"]
[SourceQuality "1"]
[WhiteTeam "Gyor Komszomol"]
[BlackTeam "Torokbalint"]
[WhiteTeamCountry "HUN"]
[BlackTeamCountry "HUN"]

1. d4 d5 2. c4 e6 3. Nf3 c5 4. cxd5 exd5 5. Nc3 Nc6 6. g3 Nf6 7. Bg2 Be7 8. 0-0 0-0 9. Bg5 c4 10. Ne5 Be6 11. e3 Qa5 12. Qe2 Rfe8 13. f4 Rad8 14. Qe1 h6 15. Bxf6 Bxf6 16. Rd1 Bf5 17. h3 Bc2 18. Rd2 Bd3 19. Rff2 Nxe5 20. fxe5 Be7 21. Kh2 Bb4 22. Qh1 Bxc3 23. bxc3 Qxc3 24. Bxd5 Re7 25. Qf3 Bg6 26. h4 b5 27. g4 h5 28. gxh5 Bxh5 29. Qxh5 Rxd5 30. Qf3 Rd8 31. Rg2 Rf8 32. Rxg7+ 1-0

[Event "HUN-chT2 Breyer 1011"]
[Site "Hungary"]
[Date "2010.10.10"]
[Round "3.8"]
[White "Dupsky, Laszlo"]
[Black "Dobos, Sandor"]
[Result "1-0"]
[WhiteElo "2247"]
[BlackElo "2010"]
[PlyCount "37"]
[EventDate "2010.09.12"]
[EventType "team-tourn"]
[EventRounds "11"]
[EventCountry "HUN"]
[SourceTitle "EXT 2012"]
[Source "ChessBase"]
[SourceDate "2011.11.24"]
[SourceVersion "1"]
[SourceVersionDate "2011.11.24"]
[SourceQuality "1"]
[WhiteTeam "Torokbalint"]
[BlackTeam "Vizugy"]
[WhiteTeamCountry "HUN"]
[BlackTeamCountry "HUN"]

1. d4 Nf6 2. Nf3 g6 3. Nc3 Bg7 4. e4 d6 5. Bf4 0-0 6. Qd2 c6 7. 0-0-0 e6 8. Bh6 Qa5 9. Kb1 Qc7 10. Bxg7 Kxg7 11. e5 Ne8 12. h4 h5 13. g4 Rh8 14. gxh5 Rxh5 15. Be2 Kf8 16. Ng5 dxe5 17. Bxh5 gxh5 18. Nh7+ Ke7 19. Qg5+ 1-0

[Event "HUN-chT2 Breyer 0910"]
[Site "Hungary"]
[Date "2010.04.18"]
[Round "10"]
[White "Dupsky, Laszlo"]
[Black "Furesz, Jozsef"]
[Result "1-0"]
[WhiteElo "2227"]
[BlackElo "2050"]
[PlyCount "41"]
[EventDate "2009.11.08"]
[EventType "team-tourn"]
[EventRounds "11"]
[EventCountry "HUN"]
[SourceTitle "EXT 2011"]
[Source "ChessBase"]
[SourceDate "2010.11.26"]
[SourceVersion "1"]
[SourceVersionDate "2010.11.26"]
[SourceQuality "1"]
[WhiteTeam "Torokbalint"]
[BlackTeam "Turul"]
[WhiteTeamCountry "HUN"]
[BlackTeamCountry "HUN"]

1. d4 d5 2. Nf3 Nf6 3. Bf4 c5 4. e3 Nc6 5. c3 Qb6 6. Qc2 Bf5 7. dxc5 Bxc2 8. cxb6 axb6 9. Na3 Ba4 10. Nb5 Bxb5 11. Bxb5 Nd7 12. 0-0 e6 13. Rfd1 Be7 14. c4 dxc4 15. Rac1 0-0-0 16. Rxc4 Ndb8 17. Rdc1 Rd5 18. Nd4 Rhd8 19. Bxb8 Kxb8 20. Bxc6 R5d6 21. Bf3 1-0